Herramienta generosa vol. #2 / (Record no. 947)

MARC details
000 -LEADER
campo de control de longitud fija 00815nam a22002537a 4500
008 - DATOS DE LONGITUD FIJA--INFORMACIÓN GENERAL
campo de control de longitud fija 160604s2015 pr||||| |||| 00| 0 spa d
020 ## - NÚMERO INTERNACIONAL ESTÁNDAR DEL LIBRO
Número Internacional Estándar del Libro 9780977225101
082 ## - NÚMERO DE LA CLASIFICACIÓN DECIMAL DEWEY
Número de clasificación 701.17
Número de ítem H564h2
100 1# - ENTRADA PRINCIPAL--NOMBRE DE PERSONA
Nombre de persona Delgado, Nicole.
9 (RLIN) 5166
245 10 - MENCIÓN DEL TÍTULO
Título Herramienta generosa vol. #2 /
Mención de responsabilidad, etc. editado por Nicole Delgado...[et. al.].
250 ## - MENCION DE EDICION
Mención de edición 1a ed.
260 ## - PUBLICACIÓN, DISTRIBUCIÓN, ETC.
Lugar de publicación, distribución, etc. Puerto Rico :
Nombre del editor, distribuidor, etc. Beta-Local ; Fundación Puertorriqueña de las Humanidades,
Fecha de publicación, distribución, etc. 2015.
300 ## - DESCRIPCIÓN FÍSICA
Extensión 208 p.
Otras características físicas il.
440 ## - MENCIÓN DE SERIE/PUNTO DE ACCESO ADICIONAL--TÍTULO
Número de parte o sección de la obra Herramienta Generosa
Designación de volumen o secuencia 2
9 (RLIN) 5167
653 10 - TÉRMINO DE INDIZACIÓN--NO CONTROLADO
Término no controlado Arte-Puerto Rico
653 10 - TÉRMINO DE INDIZACIÓN--NO CONTROLADO
Término no controlado Estética
653 10 - TÉRMINO DE INDIZACIÓN--NO CONTROLADO
Término no controlado Crítica y apreciación
653 10 - TÉRMINO DE INDIZACIÓN--NO CONTROLADO
Término no controlado Planificación urbana
653 10 - TÉRMINO DE INDIZACIÓN--NO CONTROLADO
Término no controlado Desarrollo social
653 10 - TÉRMINO DE INDIZACIÓN--NO CONTROLADO
Término no controlado Ensayos
700 1# - ENTRADA AGREGADA--NOMBRE PERSONAL
Nombre de persona Marxuach, Michy.
Término indicativo de función/relación ed.
9 (RLIN) 5168
700 1# - ENTRADA AGREGADA--NOMBRE PERSONAL
Nombre de persona Merino, Chiara.
Término indicativo de función/relación ed.
9 (RLIN) 5169
700 1# - ENTRADA AGREGADA--NOMBRE PERSONAL
Nombre de persona Muñoz, Irene.
Término indicativo de función/relación ed.
9 (RLIN) 5170
Holdings
Estatus retirado Estado de pérdida Fuente del sistema de clasificación o colocación Estado de daño No para préstamo Biblioteca de origen Biblioteca actual Ubicación en estantería Fecha de adquisición Total de préstamos Signatura topográfica completa Código de barras Visto por última vez Fecha del último préstamo Precio de reemplazo Tipo de ítem Koha
    Clasificación Decimal Dewey     Biblioteca LadoV Biblioteca LadoV   04/06/2016 1 701.17 H564h2 004190 18/10/2017 04/09/2017 04/06/2016 Material 01